| 000 | 01315nam a2200349 a 4500 | ||
|---|---|---|---|
| 001 | vtls001624187 | ||
| 003 | NLI | ||
| 005 | 20210627052621.0 | ||
| 008 | 130107r1997 ii a g h f000 0ceng | ||
| 020 |
_a8172360894 _cRs 30.00 (pbk) |
||
| 039 | 9 |
_a201406271102 _bgopag _c201305232057 _damitu _c201305232056 _damitu _y201301071937 _zrajatari |
|
| 040 |
_aNLI _beng |
||
| 041 | _aeng | ||
| 044 | _aii | ||
| 082 | 0 | 4 |
_a509.2 _223 |
| 245 | 0 | 0 |
_aAchievements in anonymity : _bunsung Indian Scientists / _c[edited by] Kollegala Sharma [and] Bal Phondke |
| 260 |
_aNew Delhi : _bNational Institue of Science Communication (CSIR), _c1994, reprinted 1997 |
||
| 300 |
_a115 p.: _bcol. ill. ; _c22 cm. |
||
| 650 | 0 |
_aScientists _zIndia _9768667 |
|
| 700 | 1 |
_aSharma, Kollegala, _4edt _9768668 |
|
| 700 | 1 |
_aPhondke, Bal, _4edt _9746039 |
|
| 710 | 2 |
_aCouncil of Scientific and Documentation Centre. _bNational Institute of Science Communication (New Delhi), _4pbl |
|
| 887 | _aAmit Uraon Gopa | ||
| 902 | _aGP 509.2 Ac46 | ||
| 903 | _aRajat | ||
| 904 | _aAmit Uraon | ||
| 905 | _aGopa | ||
| 949 |
_AVIRTUAITEM _D10003 _X202 _6IOD000153028ENG _eIOD153028 |
||
| 942 |
_2ddc _cBKS |
||
| 999 |
_aVIRTUA4 _c647635 _d647635 |
||
| 999 | _aVTLSSORT0080*0200*0400*0410*0440*0820*2450*2600*3000*6500*7000*7001*7100*8520*9020*9030*9040*9050*9992 | ||